Docket call.

Bibliographic Details
New Title:Law notes for the general practitioner
Compleat lawyer (Online)
Corporate Author: American Bar Association. Section of General Practice
Format: Journal
Language:English
Published: Chicago, Ill. : Section of General Practice, American Bar Association, -©1983.
Subjects:
Online Availability: Check for online availability

MARC

Tag First Indicator Second Indicator Subfields
LEADER 00000cas a2200000Ka 4500
001 in00003512613
005 20151206124410.0
006 m o d
007 cr un||||a|a||
008 111114d19661983iluqr pso 0 a0eng d
022 |a 0569-3160  |l 0569-3160  |2 1 
035 |a (OCoLC)ocn760931245 
035 |a (OCoLC)760931245 
040 |a OCLCE  |b eng  |c OCLCE  |d OCLCQ  |d ILI  |d UCO  |d OCLCF  |d TXA  |d UtOrBLW 
043 |a n-us--- 
049 |a TXAM 
050 4 |a KF300.A1  |b D63 Electronic 
082 0 4 |a 347.73/504  |a 347.307504  |2 19 
245 0 0 |a Docket call. 
264 1 |a Chicago, Ill. :  |b Section of General Practice, American Bar Association,  |c -©1983. 
300 |a 1 online resource (18 volumes) 
310 |a Quarterly 
336 |a text  |b txt  |2 rdacontent 
337 |a computer  |b c  |2 rdamedia 
338 |a online resource  |b cr  |2 rdacarrier 
362 1 |a Print began with: [Vol. 1, no. 1 (July 1966)]; ceased with: Vol. 18, no. 3 (fall 1983). 
515 |a Numbering and chronological designation begin with vol. 2 in 1967. 
580 |a Merged with: Law notes for the general practitioner, to form: Compleat lawyer. 
588 |a Description based on: Vol. 2, no. 1 (Jan. 1967); title from PDF article caption (HeinOnline, viewed Dec. 2, 2014). 
588 |a Latest issue consulted: Vol. 18, no. 3 (fall 1983) (JSTOR, viewed Dec. 2, 2014). 
500 |a Electronic resource. 
650 0 |a Practice of law  |z United States  |v Periodicals. 
650 7 |a Practice of law.  |2 fast  |0 (OCoLC)fst01074534 
651 7 |a United States.  |2 fast  |0 (OCoLC)fst01204155 
655 7 |a Periodicals.  |2 fast  |0 (OCoLC)fst01411641 
710 2 |a American Bar Association.  |b Section of General Practice. 
776 0 8 |i Print version:  |t Docket call  |x 0569-3160  |w (DLC)sf 84001014  |w (OCoLC)1566822 
785 1 7 |t Law notes for the general practitioner  |w (OCoLC)760070352 
785 1 7 |t Compleat lawyer (Online)  |w (DLC) 2009250667  |w (OCoLC)60627705 
948 |a cataloged  |b h  |c 2014/12/2  |d c  |e spoltoratski  |f 2:21:56 pm  |g sc 
994 |a C0  |b TXA 
999 |a MARS 
999 f f |s 4b4b59b7-4368-3bea-a50e-7905f09c3f7c  |i 23473145-4d26-36c5-89a3-7e496922b4a3  |t 0 
952 f f |a Texas A&M University  |b College Station  |c Electronic Resources  |d Available Online  |t 0  |e KF300.A1 D63  |g Electronic  |h Library of Congress classification 
998 f f |a KF300.A1 D63  |t 0  |l Available Online